Top 50 NBA Scoring Leaders - Statistics

General Stats
  • This quiz has been taken 92 times
    24 since last reset
  • The average score is 37 of 50
Answer Stats
Points Years in NBA Player % Correct
25,192 1960-1974 Jerry West
100%
36,928 1985-2004 Karl Malone
100%
30,571 2007-present Kevin Durant
100%
33,643 1996-2016 Kobe Bryant
100%
42,184 2003-present LeBron James
100%
26,496 1997-2016 Tim Duncan
100%
31,419 1959-1973 Wilt Chamberlain
100%
31,560 1998-2019 Dirk Nowitzki
95%
26,946 1984-2002 Hakeem Olajuwon
95%
27,687 2009-present James Harden
95%
38,387 1969-1989 Kareem Abdul-Jabbar
95%
32,292 1984-1993, 1995-1998, 2001-2003 Michael Jordan
95%
27,409 1976-1995 Moses Malone
95%
26,205 2008-present Russell Westbrook
95%
28,596 1992-2011 Shaquille O'Neal
95%
25,386 2009-present Stephen Curry
95%
24,368 1996-2010 Allen Iverson
91%
28,289 2003-2022 Carmelo Anthony
91%
23,165 2003-2019 Dwyane Wade
91%
25,728 1998-2020 Vince Carter
91%
23,757 1984-2000 Charles Barkley
86%
20,790 1989-2003 David Robinson
86%
23,011 2005-present Chris Paul
82%
20,538 2013-present Giannis Antetokounmpo
82%
26,710 1960-1974 Oscar Robertson
82%
26,397 1998-2017 Paul Pierce
82%
26,071 1995-2016 Kevin Garnett
77%
21,791 1979-1992 Larry Bird
77%
24,815 1985-2002 Patrick Ewing
77%
23,149 1958-1971 Elgin Baylor
73%
24,505 1996-2014 Ray Allen
73%
25,279 1987-2005 Reggie Miller
68%
22,598 2012-present Damian Lillard
64%
25,292 2009-present DeMar DeRozan
64%
20,407 2001-2018, 2021-2022 Joe Johnson
64%
26,395 1962-1978 John Havlicek
64%
20,880 1954-1965 Bob Pettit
59%
27,313 1968-1984 Elvin Hayes
59%
23,334 1976-1997 Robert Parish
59%
22,195 1983-1998 Clyde Drexler
55%
26,668 1982-1995, 1996-1997, 1999 Dominique Wilkins
50%
21,813 1990-2007 Gary Payton
50%
25,613 1976-1991 Alex English
45%
20,708 1974-1986 George Gervin
45%
20,894 2001-2019 Pau Gasol
45%
23,177 1976-1990, 1991 Adrian Dantley
36%
21,586 1958-1973 Hal Greer
32%
20,558 2006-2022 LaMarcus Aldridge
32%
20,497 1988-2002 Mitch Richmond
32%
20,941 1961-1974 Walt Bellamy
23%
No matching quizzes found
Score Distribution
Percent of People with Each Score
Percentile by Number Answered
Your Score History
You have not taken this quiz since the last reset